Statistics for Top 200 Baby Girl Names in Scotland for 2014

Click here to take the quiz!

General Stats

  • This quiz has been taken 1,729 times
  • The average score is 93 of 204

Answer Stats

Answer% Correct
3OOlivia
93%
144EEmilie
90%
1EEmily
90%
18EEmma
90%
2SSophie
86%
20AAnna
83%
124SSara
83%
152EEliza
81%
48LLilly
80%
9LLily
80%
5JJessica
79%
13GGrace
78%
191IIsabelle
78%
191IIsobel
78%
40SSofia
78%
12SSophia
78%
4IIsla
77%
21CCharlotte
76%
146HHanna
76%
26HHannah
76%
11EElla
75%
159LLaura
75%
104LLucie
75%
8LLucy
75%
7AAmelia
73%
6AAva
73%
86EElizabeth
73%
88EEmilia
73%
10EEllie
72%
22EEva
72%
73EEve
72%
29KKatie
72%
78RRose
72%
48ZZoe
72%
87AAimee
71%
44AAmy
71%
91RRachel
71%
137CCatherine
70%
182KKatherine
70%
14CChloe
69%
159KKhloe
69%
35IIsabella
68%
75LLauren
68%
40RRebecca
68%
92MMollie
67%
34MMolly
67%
17MMia
66%
65AAlice
65%
104BBeth
65%
54ZZara
64%
101MMaria
62%
42HHollie
61%
23HHolly
61%
30PPoppy
61%
50RRosie
61%
38AAbigail
59%
32LLeah
59%
58SSarah
59%
23RRuby
58%
182EEleanor
56%
191EElena
56%
31EErin
56%
39GGeorgia
56%
137VVictoria
56%
124AAlexa
55%
174AAnnie
55%
27EEvie
55%
45DDaisy
54%
15FFreya
54%
16MMillie
54%
159EEvelyn
53%
71JJulia
53%
124MMaja
52%
57MMaya
52%
68MMya
52%
191AAlicia
50%
79IIvy
50%
68MMegan
50%
121AAlexandra
49%
182AAnnabel
49%
101AAnnabelle
49%
146LLaila
49%
25LLayla
49%
82LLola
49%
83BBella
48%
134NNatalia
48%
59AAria
47%
134AArya
47%
159MMaddison
47%
90MMadison
47%
51AAbbie
46%
42AAmber
46%
88BBethany
46%
74CCaitlin
46%
182CCaitlyn
46%
110EElsie
46%
182KKaitlyn
46%
131NNicole
46%
64GGracie
45%
141VViolet
45%
66PPhoebe
44%
174RRosa
44%
61CCara
43%
119CClara
43%
92FFaith
43%
152FFlorence
43%
191HHarriet
43%
114JJasmine
43%
121KKara
43%
152EElsa
42%
159HHayley
42%
66SScarlett
41%
62KKayla
40%
112LLara
40%
97NNeve
40%
45NNiamh
40%
166NNieve
40%
28OOrla
40%
174OOrlagh
40%
121OOrlaith
40%
77EEsme
39%
71HHarper
39%
124HHope
39%
95LLena
39%
191MMelissa
39%
75IImogen
38%
92AAlexis
37%
59MMaisie
37%
110KKeira
36%
134LLyla
36%
119NNaomi
36%
83WWillow
36%
114AAriana
35%
97AArianna
35%
114GGabriella
35%
100MMatilda
35%
79MMila
35%
152MMyla
35%
53SSienna
35%
85EElise
34%
124MMartha
34%
54SSummer
34%
79AAmelie
33%
191FFlora
33%
56IIona
33%
124NNina
33%
191PPenny
33%
45BBrooke
32%
124AAlyssa
31%
33LLexi
31%
131LLexie
31%
182SSadie
31%
35SSkye
30%
191JJenna
29%
37LLacey
29%
104LLucia
29%
62PPaige
29%
172LLana
28%
104HHeidi
27%
166ZZuzanna
27%
146CCora
26%
19EEilidh
26%
137TTaylor
26%
182PPippa
25%
104CCarly
24%
182MMorgan
24%
159TTilly
24%
131DDarcey
23%
144DDarcie
23%
99DDarcy
23%
101EEden
23%
191LLiliana
23%
52RRobyn
23%
141BBonnie
22%
191AApril
21%
150NNadia
21%
191AAisha
19%
174AAnya
19%
152CConnie
19%
152MMacey
19%
150MMacie
19%
166MMacy
19%
141TThea
19%
112LLois
18%
166CCallie
17%
114CCasey
17%
174GGeorgie
17%
191KKacey
17%
114LLibby
17%
152AAila
16%
104AAilsa
16%
68AAyla
16%
146HHalle
16%
172HHallie
16%
137AAoife
15%
191HHarley
15%
159RRowan
15%
174ZZainab
14%
166PPeyton
13%
180MMarley
10%
166EEllis
9%
182FFarrah
8%
180AAlba
6%
95MMirren
6%

Score Distribution

Percentile by Number Answered

Percent of People with Each Score

Your Score History

You have not taken this quiz